02270cam a22006014i 4500003000900000005001700009008004100026020001500067035002700082040003300109049000900142082001900151100003100170245003800201264005200239300007200291336002100363337002500384338002300409490003400432504002800466505039500494526001000889526001000899526001000909526001000919526001000929526000900939526000900948526000900957526000900966526000900975526000900984526000900993526000901002526000901011526000901020526000801029526000801037526000801045526000801053526000801061526000801069650001301077700003601090942001401126949012901140994001401269596000601283999015601289980005501445952016801500PE-LiUPU20250731170429.0150623s r 000 0 d a0198750730 a(Sirsi) i9780198750734 aPE-LiUPUbspacPE-LiUPUerda aPRUA04a171.5bC222211 aScheffler, Samuel,eautor.10aConsequentialism and its critics. 1aNew York, NY :bOxford University Press,c1988. a294 páginas :bilustraciones, tablas, cuadros ;c20 centímetros atext2rdacontent aunmediated2rdamedia avolume2rdacarrier0 aOxford Readings in Philosophy aIncluye bibliografía.0 aClassical utilitarianism. Consequentialism and integrity. War and massacre. Rights, goals, and fairness. Alienation, consequentialism, and the demands of morality. Side constraints. Autonomy and deontology. Is common-sense morality self-defeating?. Rights and agency. Utilitarianism and the virtues. Agent-centred restrictions, rationality and the virtues. The authority of the moral agent. aSEG68 aSEG70 aSEG69 aSEG67 aSEG43 aP144 aP143 aP131 aP122 aP120 aP117 aP112 aP110 aP106 aP101 aP80 aP59 aP54 aP35 aP33 aP3004aÉtica.1 aScheffler, Samuel,d1951-,eed. 2ddccBOOK a171.5 C22wDEWEYc1i51144lCCODEBUL1mBULp10.00r0sYtBOOKu2015-6-24xTEOLOGIAPP350COMPRAo.STAFF. Colección General aC0bPEPRU a1 a171.5 C22wDEWEYc32843i51144f2021-11-4g5lCCODEBUL1mBULp10.00r0sYtBOOKu2015-6-24xBIBLIOTECAPP350COMPRAo.STAFF. Colección Generald32843 81gALBERTO SANCHEZ Responsable de Automatización r2026-05-12 09:01:14i6l0o171.5 C22p51144te1v15.00w2015-06-24xFTyBKzinventario-2023-12-13102ddc50708GENfP35aBULbBULcGENd2015-06-24eCOMPRAg10.00